000 00289nam a2200121Ia 4500
008 190216s9999||||xx |||||||||||||| ||und||
100 _aEdward Nevin
245 0 _aText Book Of Economic Analysis
260 _bMacmillan India Ltd
_c1967
300 _a488p
650 _aCommerce
942 _cBK
999 _c8314
_d8314